| 000 | 00877 a2200289 4500 | ||
|---|---|---|---|
| 001 | 61315 | ||
| 650 | 0 |
_aFolk literature, Turkish _xHistory and criticism _925239 |
|
| 650 | 0 |
_aHalk edebiyatı, Türk _xTarih ve eleştiri _912263 |
|
| 999 |
_c61315 _d15643 |
||
| 003 | TR-AnTOB | ||
| 005 | 20260129085305.0 | ||
| 008 | 070514s2006 tu 00000 tur | ||
| 020 | _a9756355077 | ||
| 040 | _aETU | ||
| 041 | _atur | ||
| 050 | 0 |
_aGR280 _b.T87 2006 |
|
| 090 | _aGR280 .T87 2006 | ||
| 245 | 0 |
_aTürk halk edebiyatı : _bel kitabı / _ceditör M.Öcal Oğuz. |
|
| 264 | 1 |
_aAnkara : _bGrafiker Yayınları, _c2006. |
|
| 300 |
_axi, 422 s. ; _c24 cm. |
||
| 504 | _aKaynakça bölüm sonlarındadır. | ||
| 650 |
_aFolklore _zTurkey _vHandbooks, manuals, etc. _933249 |
||
| 650 | 0 |
_aFolklor _zTürkiye _vEl kitapları vb. _933248 |
|
| 700 |
_aOğuz, M. Öcal _916793 |
||
| 901 | _a0019480 | ||
| 902 | _abs | ||
| 942 | _cBK | ||